LDR 01103nam a2200229 4500 001 000000367109 003 CaOOAMICUS 005 20260429075249.0 008 260402s1960 it 000 u ita r 040 $aSeMil$bita 100 1 $aPazzi, Maria Maddalena : de'$b
.$0(OLS)http://semarc/name/124059 245 10$a1: I quaranta giorni /$ca cura di p. Ermanno del SS. Sacramento. 264 1$aFirenze :$bCentro Internazionale del Libro,$c1960. 300 $a282 p. ;$c21 cm 700 1 $aErmanno : del SS. Sacramento,$c
.$0(OLS)http://semarc/name/28925 773 0 $aPazzi, Maria Maddalena : de'
$tTutte le opere di santa Maria Maddalena de' Pazzi : .$dFirenze : Centro Internazionale del Libro, 1960-1967.$g1$w()367108 850 $aSeMil 852 $aSeMil$W1$xVenegono$y1$B257837$CSeMilBibl$Z2$F257837 $81 961 $aSequeri Mons. Pierangelo - Omaggio 996 $6245$a1: I quaranta giorni$9(OLS)http://semarc/title/458966 996 $6264$aFirenze :$bCentro Internazionale del Libro$9(OLS)http://semarc/publisher/46471